000
00318nam a2200133Ia 4500
005
20260328104246.0
008
260328s9999||||xx |||||||||||||| ||und||
100
_a
Lefort, Paul
245
0
_a
Historia de la Pintura EspaƱola /
_c
Paul Lefort
260
_b
Pegaso
300
_a
253 p.
650
_a
ARTE
942
_c
BK
999
_c
10074
_d
10074